| Поле | Инд. | ПП | Название | Значение |
|---|---|---|---|---|
| Тип записи | a | |||
| Библиографический уровень | m | |||
| 001 | _ | Контрольный номер | RU\infra-m\znanium\bibl\1093227 | |
| 005 | _ | Дата корректировки | 20250915104123.6 | |
| 008 | Кодируемые данные | 200324s2020 RU g rus u | ||
| 020 | a | ISBN | 978-5-394-03533-3 | |
| 040 | a | Служба первич. каталог. | Общество с ограниченной ответственностью «ЗНАНИУМ» | |
| 041 | a | Код языка текста | rus | |
| 044 | a | Код страны публикации | RU | |
| 084 | 2 | Источник индекса | okso | |
| a | Индекс другой классификации/Индекс ББК | 00.03.04 | ||
| 084 | 2 | Источник индекса | okso | |
| a | Индекс другой классификации/Индекс ББК | 46.03.01 | ||
| 100 | 1_ | a | Автор | Толмачева Раиса Павловна |
| q | Полное имя | Раиса Павловна | ||
| 245 | a | Заглавие | Цивилизация России: зарождение и развитие | |
| b | Продолж. заглавия | Учебное пособие | ||
| 250 | a | Основные сведения об издании | 3 | |
| 260 | a | Место издания | Москва | |
| b | Издательство | Издательско-торговая корпорация "Дашков и К" | ||
| c | Дата издания | 2020 | ||
| 300 | a | Объем | 400 с. | |
| 520 | a | Аннотация | В учебном пособии анализируются зарождение, становление и развитие Российской цивилизации, смена форм государственного устройства, этапы социально-экономического прогрессирования, взаимоотношения с другими странами и народами. Характеризуются причины и последствия четырех цивилизационных кризисов в стране за прошедшие века. Высказано авторское мнение о некоторых неразгаданных загадках в истории цивилизации России. | |
| 521 | a | Примеч. о целев. назн. | ВО - Бакалавриат | |
| 650 | a | Основная рубрика | История. Исторические науки | |
| x | Основная подрубрика | Российская история | ||
| 852 | x | Примечание, не предназначенное для пользователя | znanium2022 | |
| 856 | 4_ | a | Имя сервера/домена | znanium.com |
| m | Помощь | ebs_support@infra-m.ru | ||
| n | Местонахождение сервера | НИЦ ИНФРА-М | ||
| u | URL | http://znanium.com/catalog/document?id=358466 | ||
| z | Примечание для пользователя | Участвует в КО | ||
| 856 | 41 | a | Имя сервера/домена | znanium.com |
| d | Путь | /cover/1093 | ||
| f | Электронное имя | 1093227.jpg | ||
| q | Тип электронного формата | image/jpeg | ||
| u | URL | https://znanium.com/cover/1093/1093227.jpg |